Strojenije i svojstva metallov i splavov pri vysokich temperaturach /

Gespeichert in:
Bibliographische Detailangaben
1. Verfasser: Lozinskij, Michail G (Verfasst von)
Format: Buch
Sprache:Russisch
Veröffentlicht: Moskva : GNTIL, 1963
Tags: Tag hinzufügen
Keine Tags, Fügen Sie das erste Tag hinzu!

MARC

LEADER 00000nam a22000003a 4500
001 stu38765
005 20150617225724.8
008 921124s1963----xxr-----------------rus-d
040 |a STU  |b slo 
041 0 |a rus 
044 |a xxr 
100 1 |a Lozinskij, Michail G  |4 aut 
245 1 |a Strojenije i svojstva metallov i splavov pri vysokich temperaturach /  |c [aut.]Michail G. Lozinskij 
260 |a Moskva :  |b GNTIL,  |c 1963 
300 |a 535 s 
996 |b 284M055313  |c M*7382-1  |l MMKN  |s A  |a 24  |w stu38765_0001